The gas pipe networks : a history of college radio, 1936-1946 /

Bibliographic Details
Main Author: Bloch, Louis M.
Format: Book
Language:English
Published: Cleveland, Ohio : Bloch, [1980]
Subjects:

MARC

Tag First Indicator Second Indicator Subfields
LEADER 00000cam a2200000 a 4500
001 in00000079890
005 20151008055234.0
008 810617s1980 ohua 00110 eng
010 |a  80070047  
020 |a 0914276026 
035 |a (OCoLC)07320436 
035 |9 AAJ2920AM 
039 0 |a 2  |b 3  |c 3  |d 3  |e 3 
040 |a DLC  |c DLC  |d TXA  |d UtOrBLW 
043 |a n-us--- 
049 |a TXAM  |c [1361763] 
050 0 0 |a TK6548.U6  |b B56 
082 0 |a 384.54/55  |2 19 
100 1 |a Bloch, Louis M. 
245 1 4 |a The gas pipe networks :  |b a history of college radio, 1936-1946 /  |c by Louis M. Bloch, Jr. 
264 1 |a Cleveland, Ohio :  |b Bloch,  |c [1980] 
264 4 |c ©1980 
300 |a 126 pages :  |b illustrations ;  |c 22 cm. 
336 |a text  |b txt  |2 rdacontent 
337 |a unmediated  |b n  |2 rdamedia 
338 |a volume  |b nc  |2 rdacarrier 
500 |a Includes index. 
650 0 |a Radio stations  |z United States  |x History. 
999 |a MARS 
999 f f |s 05b989c1-8408-3586-b053-f283c10c3106  |i 98190d7b-8b32-30ce-95ca-8fd9950e5cff  |t 0 
952 f f |p ric  |a Texas A&M University  |b Rellis Campus  |c Joint Library Facility  |d Remote Storage  |t 0  |e TK6548.U6 B56  |h Library of Congress classification  |i unmediated -- volume  |m A14806251656 
998 f f |a TK6548.U6 B56  |t 0  |l Remote Storage